00638nam a22001817a 450000500170000001000150001702000260003202000230005803500130008103700130009410000250010724501440013226000450027627000630032130000270038470000250041170000200043620130501114313.0 aENG-106935 a9780198089629c295.00 a0198089627c295.00 aEN-90468 bDBAD/PUB aBhattathiripad, V.T. aMy tears , my dreams :cby V.T. Bhattathiripad ; edited by Mini Krishnan; translated from Malayalam by Sindhu V. Nairbkanneerum kinaavum / aNew DelhibOxford University Pressc2013 aYMCA Library Building, 1 Jai Singh RoadbNew Delhie110001 axxxvi,109p. c23cm(Hb)1 aMini Krishnand1960-1 aNair, Sindhu V.